02762agaaa2200313 45000010005000000030009000050050017000140070009000310080040000400400023000800410013001031000046001161300045001622400032002072450217002392460025004562500022004812600087005033000034005905080116006245110091007405201354008315380016021855460013022016500058022147000058022727000060023307000058023901588IT-RoPAU20220918181230.0d cvaizq50131s9999||||xx ||| | || ||und|| aIT-RoPAUcIT-RoPAU aITALIANO aResnais AlaingCodice regista SPICS: 2111 aMON ONCLE D'AMERIQUE - MIO ZIO D'AMERICA aMON ONCLE D'AMERIQUEgT1719 aMON ONCLE D'AMERIQUE - MIO ZIO D'AMERICAcProdotto da: Dussart Philippe -- Sceneggiatura: Gruault Jean -- Diretto da: Resnais AlainpMON ONCLE D'AMERIQUE - MIO ZIO D'AMERICA (Rif. Codice opera principale : 21588) aMON ONCLE D'AMERIQUE aEdizione Standard a(FRANCIA)bANDREA FILM - T.F.1 / g"1980 (1° ed.: 1985 ; Ed. Lingua Orig.: 1980)" aVHSbsonoro, col.c125 minuti a"Fotografia: Vierny Sacha; Montaggio: Jurgenson Albert; Musica: Dzierlatka Arie; Sceneggiatura: Gruault Jean; " a"Depardieu Gerard; Garcia Nicole; Pierre Roger; Dubois Marie; Borgeaud Nelly; Arditi " aNEL FILM S'INTRECCIANO LE VICENDE DI TRE PROTAGONISTI JEAN LE GALL CHE PROVIENE DA UNA FAMIGLIA BORGHESE E' SPOSATO HA DUE FIGLI E' DIRIGENTE ALLA TELEVISIONE FRANCESE DI STATO HA AMBIZIONI SAGGISTICHE VIENE ESTROMESSO DALL'UFFICIO CONVIVE PER QUALCHE TEMPO CON JANINE JANINE GARNIER VIENE DA UNA FAMIGLIA OPERAIA E' COMUNISTA FUGGE DI CASA PER FARE L'ATTRICE POI PASSA A FARE LA STILISTA IN UNA FABBRICA TESSILE CHE LA METTE IN CONTATTO CON RENE' CATTOLICO PRATICANTE COME LA FAMIGLIA DI CONTADINI DA CUI PROVIENE PER QUANTO SI AGITINO E SI SFORZINO DI CAPIRE I TRE NON RIESCONO A DARSI CONTO DEI PROPRI COMPORTAMENTI SONO INFATTI DEI PERSONAGGI CAVIE A SPIEGARCELO INTERVIENE FREQUENTEMENTE IN VOCE FUORI CAMPO O IN IMMAGINE LO STESSO HENRI LABORIT ALLE CUI IDEE SI E' RIFATTO RESNAIS PER IL SUO FILM LABORIT MEDICO CHIRURGO E RICERCATORE BIOLOGICO SPIEGA I COMPORTAMENTI UMANI COSI': NON DIVERSAMENTE DAGLI ANIMALI L'UOMO E' DETERMINATO DALLA STRUTTURA BIOLOGICA E AMBIENTALE E DAGLI APPRENDIMENTI DEI PRIMI TRE ANNI UNICHE REAZIONI VITALI: LA LOTTA E LA FUGA NELL'IMPOSSIBILITA' SI RICORRE ALL'INIBIZIONE CHE CREA BLOCCO-ANGOSCIA DA CUI DERIVANO ULCERA CANCRO FOLLIA MORTE TUTTO CIO' E' RESO FILMICAMENTE OLTRE CHE DALLE SITUAZIONI DAL CONTINUO RIFERIMENTO AI COMPORTAMENTI DEI TOPI E DA FREQUENTI INSERTI DEI FILM PIU' FAMILIARI AI PROTAGONISTI aPAL, STEREO aITALIANO aDOCUMENTARIOeFILMS [VHS]xCodice MATERIA SPICS: 9960 aDzierlatka Ariee(musica)gCodice Musica SPICS: 29791 aLaborit Henri e(soggetto)gCodice Soggetto SPICS: 3436 aResnais Alain e(regista)gCodice regista SPICS: 2111